Online Catalogue and eLibrary

The road from Elephant pass (Record no. 5381)

MARC details
000 -LEADER
fixed length control field 00460nam a2200193Ia 4500
005 - DATE AND TIME OF LATEST TRANSACTION
control field 20241029020250.0
008 - FIXED-LENGTH DATA ELEMENTS--GENERAL INFORMATION
fixed length control field 240331s9999 xx 000 0 und d
020 ## - INTERNATIONAL STANDARD BOOK NUMBER
ISBN 9789558095386
082 ## - DDC Classification
Item Number - Author Mark DES
Class No. 823
100 ## - MAIN ENTRY--PERSONAL NAME
Personal name De Silva, N
245 #4 - TITLE STATEMENT
Title The road from Elephant pass
260 ## - PUBLICATION, DISTRIBUTION, ETC.
Place of publication, distribution, etc. Colombo
Name of publisher, distributor, etc. Vijitha Yapa Publishers
Date of publication, distribution, etc. 2003
300 ## - PHYSICAL DESCRIPTION
Extent (e.g. Volumes, Pages etc.) 434 p .,
650 ## - SUBJECT ADDED ENTRY--TOPICAL TERM
Topical term or geographic name entry element Real Story
650 ## - SUBJECT ADDED ENTRY--TOPICAL TERM
Topical term or geographic name entry element Social
650 ## - SUBJECT ADDED ENTRY--TOPICAL TERM
Topical term or geographic name entry element Psychology
650 ## - SUBJECT ADDED ENTRY--TOPICAL TERM
Topical term or geographic name entry element Gender
942 ## - Koha item type (Biblio)
Koha item type Books in Stacks (Lending)
Holdings
Lost status Damaged status Collection code Home library Current library Shelving location Date acquired Full call number Accession Number Item type
    Lending WERC Library WERC Library Social Science Cupboard 03/31/2024 823 DES 5219 Books in Stacks (Lending)

© WERC Library